Catálogo
 En Linea

La música de las esferas. / (Registro nro. 41624)

Detalles MARC
000 -CABECERA
campo de control de longitud fija 00469nam a2200157 a 4500
001 - NÚMERO DE CONTROL
campo de control 000042135
005 - FECHA Y HORA DE LA ÚLTIMA TRANSACCIÓN
campo de control 20201002035948.0
008 - DATOS DE LONGITUD FIJA--INFORMACIÓN GENERAL
campo de control de longitud fija 131114s2011 pr 000 0 spa d
020 ## - NÚMERO INTERNACIONAL ESTÁNDAR DEL LIBRO
Número Internacional Estándar del Libro 9780983007449
040 ## - FUENTE DE LA CATALOGACIÓN
Centro catalogador/agencia de origen DO-SdBNP
Lengua de catalogación spa
Centro/agencia transcriptor BNPHU
082 ## - NÚMERO DE LA CLASIFICACIÓN DECIMAL DEWEY
Número de clasificación xxxx
100 1# - ENTRADA PRINCIPAL--NOMBRE DE PERSONA
Nombre de persona Padua, Reynaldo Marcos
9 (RLIN) 69131
245 13 - MENCIÓN DE TÍTULO
Título La música de las esferas. /
Mención de responsabilidad, etc. Reynaldo Marcos Padua.
260 ## - PUBLICACIÓN, DISTRIBUCIÓN, ETC.
Lugar de publicación, distribución, etc. San Juan, Puerto Rico, :
Nombre del editor, distribuidor, etc. Los libros de la Iguana,
Fecha de publicación, distribución, etc. 2011.
300 ## - DESCRIPCIÓN FÍSICA
Extensión 227 p. ;
Dimensiones 21 cm.
Existencias
Estado de retiro Estado de pérdida Restricciones de uso No para préstamo Código de colección Localización permanente Ubicación/localización actual Ubicación en estantería Fecha de adquisición Número de inventario Total de préstamos Signatura topográfica completa Código de barras Fecha visto por última vez Precio válido a partir de Tipo de ítem Koha
      Excluido de préstamo Monografías: Libros y Folletos General General En catalogación 14.11.2013 LF1   xxxx 42135-10 25.06.2020 25.06.2020 No se presta

Con tecnología Koha